|
|
|
|
| LEADER |
00000naa0a2200000 4500 |
| 001 |
660137 |
| 005 |
20250828131820.0 |
| 035 |
|
|
|a (RuTPU)RU\TPU\network\29087
|
| 035 |
|
|
|a RU\TPU\network\29049
|
| 090 |
|
|
|a 660137
|
| 100 |
|
|
|a 20190426d2018 k y0rusy50 ca
|
| 101 |
0 |
|
|a rus
|
| 102 |
|
|
|a RU
|
| 135 |
|
|
|a drcn ---uucaa
|
| 181 |
|
0 |
|a i
|
| 182 |
|
0 |
|a b
|
| 200 |
1 |
|
|a Расчет энерговыделения в слитках кремния на реакторе ИРТ-Т
|f Н. В. Смольников, И. И. Лебедев
|
| 203 |
|
|
|a Текст
|c электронный
|
| 300 |
|
|
|a Заглавие с экрана
|
| 320 |
|
|
|a [Библиогр.: 2 назв.]
|
| 333 |
|
|
|a Режим доступа: по договору с организацией-держателем ресурса
|
| 463 |
|
|
|t Актуальные проблемы инновационного развития ядерных технологий
|o материалы конференции в рамках Научная сессия НИЯУ МИФИ, Северск, 2-6 Апреля 2018
|f Сибирский химический комбинат (СХК) ; Национальный исследовательский ядерный университет "МИФИ", Северский технологический институт (СТИ) ; под ред. М. Д. Носкова
|v [С. 139]
|d 2018
|
| 610 |
1 |
|
|a труды учёных ТПУ
|
| 610 |
1 |
|
|a электронный ресурс
|
| 610 |
1 |
|
|a расчеты
|
| 610 |
1 |
|
|a энерговыделение
|
| 610 |
1 |
|
|a слитки
|
| 610 |
1 |
|
|a кремний
|
| 610 |
1 |
|
|a реактор ИРТ-Т
|
| 700 |
|
1 |
|a Смольников
|b Н. В.
|c специалист в области ядерных технологий
|c инженер-физик Томского политехнического университета
|f 1998-
|g Никита Викторович
|9 21494
|
| 701 |
|
1 |
|a Лебедев
|b И. И.
|c специалист в области энергетики
|c инженер Томского политехнического университета
|f 1990-
|g Иван Игоревич
|3 (RuTPU)RU\TPU\pers\32502
|9 16448
|
| 712 |
0 |
2 |
|a Национальный исследовательский Томский политехнический университет
|b Инженерная школа ядерных технологий
|b Отделение ядерно-топливного цикла
|3 (RuTPU)RU\TPU\col\23554
|
| 801 |
|
2 |
|a RU
|b 63413507
|c 20190426
|g RCR
|
| 850 |
|
|
|a 63413507
|
| 856 |
4 |
|
|u https://elibrary.ru/item.asp?id=35316017
|
| 942 |
|
|
|c CF
|